000 00345nam a2200121Ia 4500
008 240731s9999 xx 000 0 und d
022 _a1837-4905
245 0 _aAdvances in Mental Health : Promotion, Prevention and Early Intervention
260 _bRoutledge
856 _uhttps://www.tandfonline.com/loi/ramh20
942 _2ddc
942 _cTFEJ
999 _c75188
_d75188
945 _a1
_bMadushi Gamage
_c1
_dMadushi Gamage